Score 0/14 Timer 04:00
7 Plays Today
% Correct
Wollongong
82.9%
Wagga Wagga
80.4%
Toowoomba
77.7%
Geelong
70.9%
Wangaratta
66.5%
Warrnambool
62.3%
Warragul
59.6%
% Correct
Ulladulla
58.2%
Karratha
51.6%
Whyalla
48.7%
Yeppoon
48.1%
Queanbeyan
47.8%
Wonthaggi
43.9%
Traralgon
41.8%
Remove Ads.
Support Sporcle.
Get the best of Sporcle when you Go Orange. This ad-free experience offers more features, more stats, and more fun while also helping to support Sporcle. Thank you for becoming a member.

You're not logged in!

Compare scores with friends on all Sporcle quizzes.
OR
Log In

Show Comments

Extras

Top Quizzes Today


Score Distribution

Your Account Isn't Verified!

In order to create a playlist on Sporcle, you need to verify the email address you used during registration. Go to your Sporcle Settings to finish the process.

Report this User

Report this user for behavior that violates our Community Guidelines.

Details: